Ponencia sobre la Ley Orgánica Provincial : aprobada por la Asamblea de Diputaciones aprobada por la Asamblea de Diputaciones
Descripción Física:
30 p. ; 26 cm
MARC
| LEADER | 00000nam a2200000Ia 4500 | ||
|---|---|---|---|
| 001 | 8201 | ||
| 003 | BGR | ||
| 005 | 20260410113649.0 | ||
| 008 | 160829s1931 xx 000 0 cat d | ||
| 080 | |a RF-10-6 | ||
| 245 | |a Ponencia sobre la Ley Orgánica Provincial : |b aprobada por la Asamblea de Diputaciones | ||
| 260 | |a Barcelona : |b (Imp. Casa Prov. de Caridad), |c 1931 | ||
| 300 | |a 30 p. ; |c 26 cm | ||
| 650 | |a Espanya. Ley Orgánica Províncial (1931) |9 36723 | ||
| 650 | |a Espanya |x Províncies |x Dret i legislació |9 29785 | ||
| 711 | |a Asamblea de Diputaciones Provinciales de España |c (Barcelona : |d 1931) |9 70479 | ||
| 856 | 4 | |u https://media.diba.cat/diba/fitxers/arxiu/fulletons/bib_8201_1931_baixa.pdf |y Accés lliure | |
| 856 | 4 | |u https://media.diba.cat/diba/fitxers/arxiu/fulletons/bib_8201_1931_baixa.pdf |y Accés lliure | |
| 900 | |a bib_8201_1931_baixa.pdf | ||
| 901 | |a Arxiu | ||
| 942 | |n 1 |2 udc |c MON | ||
| 952 | |0 0 |1 0 |4 0 |6 RF106 |7 1 |9 47462 |a Arxiu |b Arxiu |d 2016-12-01 |l 0 |o RF-10-6 |p 8201 |r 2016-12-01 00:00:00 |w 2016-12-01 |y ARXIU | ||
| 999 | |c 51260 |d 51260 | ||